Los principios de la educación y de la reeducación : fundados en el estudio de las motivaciones íntimas /

Gardado en:
Detalles Bibliográficos
Autor Principal: Diel, Paul (autor)
Outros autores: Wallon, Henri (prefacio) (prefacio), González Aramburu, Francisco (traducción) (traducción)
Formato: Libro
Idioma:Lingua castelá
Publicado: México : Fondo de Cultura Económica, 1962, c1962
Etiquetas: Engadir etiqueta
Sen Etiquetas, Sexa o primeiro en etiquetar este rexistro!

MARC

LEADER 00000nam^a2200000^a^4500
001 000579000
005 20250521000000.0
009 20260310132520.251
037 |a Acervo ITESO - Biblioteca 
041 |a ESP 
091 |a FLG. 00557 
100 |a Diel, Paul  |e (autor) 
245 1 4 |a Los principios de la educación y de la reeducación :  |b fundados en el estudio de las motivaciones íntimas / 
264 4 |a México :  |b Fondo de Cultura Económica,  |c 1962, c1962 
300 |a 276 p. 
336 |a texto  |b txt  |2 rdacontenido 
337 |a sin mediación  |b n  |2 rdamedio 
338 |a volumen  |b nc  |2 rdasoporte 
649 |a XX 
700 |a Wallon, Henri  |e (prefacio) 
700 |a González Aramburu, Francisco  |e (traducción) 
910 |a Fondo Luis González de Alba 
920 |a Impresos - Libros 
930 |a Fondos Especiales 
905 |a 141 
901 |a 0500397233  |b IT2  |c ESP  |i D101698  |u 20250521 
902 |a https://opac.biblio.iteso.mx/vufind/Record/000579000